|
|
|
|
| LEADER |
00000nam a2200000Ia 4500 |
| 008 |
160413b2009 cr a|||| |||| 00| | spa d |
| 090 |
|
|
|a DOC # 102
|
| 110 |
1 |
|
|a Costa Rica. Ministerio de Educación Pública. Dirección Promoción y Protección de Derechos. Departamento de Promoción y Participación Estudiantil
|9 1517
|
| 245 |
1 |
0 |
|a Buenas prácticas institucionales para la permanencia exitosa de la población estudiantil en el Sistema Educativo Costarricense /
|c Departamento de Promoción de los Derechos y Participación Estudiantil
|
| 260 |
|
|
|a San José, Costa Rica :
|b MEP,
|c 2009
|
| 300 |
|
|
|a 30 páginas;
|b ilustraciones
|
| 650 |
1 |
4 |
|a DERECHO A LA EDUCACIÓN
|9 599
|
| 650 |
1 |
4 |
|a ESTUDIANTES
|9 332
|
| 650 |
1 |
4 |
|a PARTICIPACIÓN ESTUDIANTIL
|9 1518
|
| 650 |
1 |
4 |
|a FACTORES DE PERMANENCIA
|9 1377
|
| 942 |
|
|
|i 002736
|h DOC # 102
|2 z
|c 05
|
| 999 |
|
|
|c 2532
|d 2532
|